[Event "Detroit op"]
[Site "Detroit"]
[Date "1999.12.18"]
[Round "1"]
[White "Horne, Terese"]
[Black "Jackson, Katrina"]
[Result "0-1"]
[WhiteElo "740"]
[BlackElo "1285"]
[PlyCount "98"]
[EventDate "1999.12.18"]
[EventType "swiss"]
[EventRounds "6"]
[EventCountry "USA"]
[SourceTitle "EXT 2007"]
[Source "ChessBase"]
[SourceDate "2006.11.23"]
[SourceVersion "1"]
[SourceVersionDate "2006.11.23"]
[SourceQuality "1"]

1. e4 e6 2. d4 d5 3. e5 c5 4. c3 Nc6 5. Bb5 cxd4 6. cxd4 Qa5+ 7. Nc3 Bb4 8. Bxc6+ bxc6 9. Bd2 Ne7 10. Nf3 Ba6 11. Ne2 Bxe2 12. Qxe2 Nf5 13. Bxb4 Qxb4+ 14. Qd2 Rb8 15. Qxb4 Rxb4 16. 0-0 Nxd4 17. Nxd4 Rxd4 18. Rac1 Kd7 19. Rcd1 Re4 20. Rfe1 Rxe1+ 21. Rxe1 f6 22. f4 fxe5 23. fxe5 c5 24. b3 Rf8 25. Rf1 Rxf1+ 26. Kxf1 d4 27. Ke2 Kc6 28. Kd3 Kd5 29. a3 Kxe5 30. g3 Kd5 31. a4 e5 32. h3 e4+ 33. Kc2 a5 34. h4 Ke5 35. Kd2 Kf5 36. Kc2 Kg4 37. Kd2 Kxg3 38. Ke2 Kxh4 39. Kf2 g5 40. Kg2 g4 41. Kf2 Kh3 42. Ke2 g3 43. Kd2 g2 44. Ke2 g1Q 45. Kd2 Qg2+ 46. Kc1 e3 47. b4 axb4 48. a5 d3 49. Kd1 e2+ 0-1